Métodos de ensayo para productos refractarios conformados densos: parte 2. Determinación de la densidad absoluta

Tallennettuna:
Bibliografiset tiedot
Yhteisötekijät: AENOR (Tekijä), Asociación Española de Normalización y Certificación (Tekijä)
Aineistotyyppi: Kirja
Kieli:espanja
Julkaistu: Madrid AENOR 2004
Painos:1a. ed
Aiheet:
Linkit:texto completo
Tagit: Lisää tagi
Ei tageja, Lisää ensimmäinen tagi!

MARC

LEADER 00000cam a2200000 a 4500
001 UCC4045
003 CL-VaPUC
008 180706e20040000sp |||||||||||||||||spa|d
082 0 4 |a 669.82  |b AEN  |2 21 
110 2 |a AENOR  |e author  |9 598168 
710 2 |a Asociación Española de Normalización y Certificación  |e author  |9 598169 
245 1 0 |a Métodos de ensayo para productos refractarios conformados densos: parte 2. Determinación de la densidad absoluta 
250 |a 1a. ed 
300 |a 6 p 
942 |c BK 
945 |d 20180706 14:40:00  |a dcastane 
260 |a Madrid  |b AENOR  |c 2004 
500 |a Norma española UNE-EN 993-2 A1 
650 7 |a DENSIDAD  |2 CL-VaPUC  |9 361498 
650 0 |a Materiales refractarios  |9 365590 
650 0 |a Resistencia de materiales  |9 260095 
856 7 0 |f UCC4045_01.pdf  |q PDF  |z texto completo  |2 file  |u http://opac.pucv.cl/pucv_txt/txt-4000/UCC4045_01.pdf 
583 |a last modification  |c 20190111 02:58:50  |k Rodrigo Vera 
999 |c 371652  |d 371650 
952 |0 0  |1 0  |3 erb  |4 0  |6 669_820000000000000_AEN_2004  |7 0  |8 X  |9 488724  |a BIBMEC  |b BIBMEC  |i 552878K  |o 669.82 AEN 2004  |p 552878K  |r 2024-01-19  |w 2019-11-24  |y BK_X  |z Catalogado en:20190111  |k MEC